| 000 | nam a22 4500 | ||
|---|---|---|---|
| 999 |
_c8857 _d8857 |
||
| 008 | 180315b ||||| |||| 00| 0 eng d | ||
| 100 |
_926827 _aGeducos, Argyll Cyrus B. |
||
| 245 |
_aAFP monitors 80 social media accounts for cyber-sedition/ _cArgyll Cyrus B. Geducos |
||
| 260 |
_aPhilippines _bManila Bulletin _cc2017 |
||
| 300 | _apage A3. | ||
| 650 | 0 |
_926828 _aElectronic discussion groups. |
|
| 942 |
_2ddc _cPER |
||